000 00731nam a2200253Ia 4500
999 _c56474
_d56474
001 23587
003 GE_BSU
005 20221108161959.0
008 181216s2017||||en |||||||||||||| ||eng||
020 _a9780979882005x
040 _cGE_BSU
041 _aeng
080 _a745/749 H-68
100 _aHirsch,
_94562
245 _aDesigning Your Perfect House: Lessons from an Architect /
_cJr. Hirsch ; J. William.
260 _bSecond edition
264 _aLouisville :
_bDalsimer Press
_c2017.
300 _a266 p.:
_b ill :
_c 24 cm.
653 _aDesigning Your Perfect House: Lessons from an Architect
653 _aДизайн
653 _aდიზაინი
700 _aWilliam J
_94563
942 _cBK
_2udc